Statistics for The Silmarillion

Click here to take the quiz!

General Stats

  • This quiz has been taken 217 times
  • The average score is 7 of 15

Answer Stats

Hint Answer % Correct
Lord of the ValarManwe
86%
Son of HuorTuor
78%
First son of Finwe and IndisFingolfin
77%
King and Founder of GondolinTurgon
70%
First King and Founder of the aboveThingol
70%
Lord of BalrogsGothmog
69%
Kingdom Protected by the Girdle of MelianDoriath
68%
Lord of Eagles in the First AgeThorondor
53%
The First Son of FeanorMaedhros
48%
First Elven King of NargothrondFinrod
24%
Birthplace of TurinDor-Lomin
22%
Spear of Gil-GaladAeglos
17%
Sindarin name for the Green ElvesLaiquendi
16%
Sword of the aboveRingil
11%
First High King of the NoldorFinwe
0%

Score Distribution

Percentile by Number Answered

Percent of People with Each Score

Your Score History

You have not taken this quiz